000
00352nam a2200169Ia 4500
100
_a
Whiteley/David
650
_a
E commerce
942
_c
BK
366
_f
25
654
_a
e commerce
245
_a
e Commerce
260
_b
Tata Mc Graw hill Ltd.
_c
2000
082
_a
658.84
_b
WHI
300
_a
259
546
_a
ENGLISH
_c
Info.Tech
999
_c
30385
_d
30385